Algeria.

Bibliographic Details
Corporate Author: United States. Central Intelligence Agency
Format: Government Document Map
Language:English
Published: [Washington, D.C.] : [Central Intelligence Agency], [1979]
Subjects:

MARC

Tag First Indicator Second Indicator Subfields
LEADER 00000cem a2200000 a 4500
001 in00000831794
005 20151018124151.0
008 820620s1979 dcub a f 0 eng d
010 |a gp 82019650  
034 1 |a a  |b 12000000  |d W0080000  |e E0080000  |f N0360000  |g N0200000 
035 |a (OCoLC)08549418 
035 |9 ADX7378AM 
040 |a GPO  |c GPO  |d UtOrBLW 
052 |a 8240 
074 |a 856-A-1 
086 0 |a PrEx 3.10/4:Al 3/2 
110 1 |a United States.  |b Central Intelligence Agency. 
245 1 0 |a Algeria. 
255 |a Scale [ca. 1:12,000,000]  |c (W 8--E 8/N 36--N 20). 
264 1 |a [Washington, D.C.] :  |b [Central Intelligence Agency],  |c [1979] 
300 |a 1 map :  |b color ;  |c 20 x 16 cm. 
336 |a cartographic image  |b cri  |2 rdacontent 
337 |a unmediated  |b n  |2 rdamedia 
338 |a sheet  |b nb  |2 rdacarrier 
500 |a Relief shown by shading. 
500 |a "Base 504072 2-79." 
500 |a Cartographic material. 
651 0 |a Algeria  |x Maps. 
999 |a MARS 
999 f f |s a190f741-53c5-3dbe-a239-bcf730a0da96  |i dfc99c8c-e47b-3e1e-b465-477cbcbaefd2  |t 0 
952 f f |p normal  |a Texas A&M University  |b College Station  |c Sterling C. Evans Library  |d Evans: US Documents (Annex 5th floor)  |t 0  |e PrEx 3.10/4:Al 3/2   |h Superintendent of Documents classification  |i unmediated -- sheet  |m A14818068174 
952 f f |p normal  |a Texas A&M University  |b College Station  |c Sterling C. Evans Library  |d Evans: US Documents (Annex 5th floor)  |t 0  |e PrEx 3.10/4:Al 3/2   |h Superintendent of Documents classification  |i unmediated -- sheet  |m A14818068166 
952 f f |p normal  |a Texas A&M University  |b College Station  |c Sterling C. Evans Library  |d Evans: US Documents (Annex 5th floor)  |t 0  |e PrEx 3.10/4:Al 3/2   |h Superintendent of Documents classification  |i unmediated -- sheet  |m A14818068182 
998 f f |a PrEx 3.10/4:Al 3/2   |t 0  |l Evans: US Documents (Annex 5th floor) 
998 f f |a PrEx 3.10/4:Al 3/2   |t 0  |l Evans: US Documents (Annex 5th floor) 
998 f f |a PrEx 3.10/4:Al 3/2   |t 0  |l Evans: US Documents (Annex 5th floor)